| 000 | 00665cam a22002413a 4500 | ||
|---|---|---|---|
| 001 | 14081 | ||
| 003 | PGUSA | ||
| 005 | 20140828083313.0 | ||
| 008 | 041118s2004||||xxu|||||s|||||000 | eng d | ||
| 040 |
_aPGUSA _beng |
||
| 042 | _adc | ||
| 050 | 4 | _aPZ | |
| 245 | 1 | 4 |
_aThe Three Jovial Huntsmen _h[electronic resource] |
| 260 |
_bProject Gutenberg, _c2004 |
||
| 506 | _aPublic domain in the USA. | ||
| 516 | _aElectronic text | ||
| 653 | _aPicture books for children | ||
| 653 | _aNursery rhymes, English | ||
| 700 | 1 |
_aCaldecott, Randolph, _d1846-1886 |
|
| 830 | 0 |
_aProject Gutenberg _v14081 |
|
| 856 | 4 | 0 | _uhttp://www.gutenberg.org/ebooks/14081 |
| 942 | _cEB | ||
| 999 |
_c243336 _d243336 |
||